Online
Catalog

Oferta de empleo y otros cuentos. / (Record no. 42327)

MARC details
000 -CABECERA
campo de control de longitud fija 01615nam a2200361 i 4500
001 - NÚMERO DE CONTROL
campo de control 000042838
003 - IDENTIFICADOR DEL NÚMERO DE CONTROL
campo de control DO-SdBNP
005 - FECHA Y HORA DE LA ÚLTIMA TRANSACCIÓN
campo de control 20251030131118.0
007 - CAMPO FIJO DE DESCRIPCIÓN FÍSICA--INFORMACIÓN GENERAL
campo de control de longitud fija ta
008 - DATOS DE LONGITUD FIJA--INFORMACIÓN GENERAL
campo de control de longitud fija 140211s2012 dr a 001 j spa d
020 ## - NÚMERO INTERNACIONAL ESTÁNDAR DEL LIBRO
Número Internacional Estándar del Libro 9789945404777
040 ## - FUENTE DE LA CATALOGACIÓN
Centro catalogador/agencia de origen DO-SdBNP
Lengua de catalogación spa
Centro/agencia transcriptor BNPHU
Normas de descripción rda
041 ## - CÓDIGO DE LENGUA
Código de lengua del texto/banda sonora o título independiente spa
082 #4 - NÚMERO DE LA CLASIFICACIÓN DECIMAL DEWEY
Número de clasificación RD863.44
Número de documento/Ítem S211o
Número de edición 22
100 1# - ENTRADA PRINCIPAL--NOMBRE DE PERSONA
Nombre de persona Sánchez, Enriquillo,
Fechas asociadas al nombre 1947-2004
Término indicativo de función/relación autor
9 (RLIN) 26468
245 10 - MENCIÓN DE TÍTULO
Título Oferta de empleo y otros cuentos. /
Mención de responsabilidad, etc. Enriquillo Sánchez ; prólogo José Rafael Lantigua; ilustraciones, Jorge Severino.
264 ## - PRODUCCIÓN, PUBLICACIÓN, DISTRIBUCIÓN, FABRICACIÓN Y COPYRIGHT
Producción, publicación, distribución, fabricación y copyright Santo Domingo, :
Nombre del de productor, editor, distribuidor, fabricante Dirección General de la Feria del Libro,
Fecha de producción, publicación, distribución, fabricación o copyright 2012.
300 ## - DESCRIPCIÓN FÍSICA
Extensión 80 páginas :
Otras características físicas ilustraciones ;
Dimensiones 26 cm.
336 ## - TIPO DE CONTENIDO
Término de tipo de contenido rdacontent
Código de tipo de contenido texto
Fuente txt
337 ## - TIPO DE MEDIO
Nombre/término del tipo de medio rdamedia
Código del tipo de medio sin mediación
Fuente n
338 ## - TIPO DE SOPORTE
Nombre/término del tipo de soporte rdacarrier
Código del tipo de soporte volumene
Fuente nc
490 1# - MENCIÓN DE SERIE
Mención de serie Ediciones Ferilibro
500 ## - NOTA GENERAL
Nota general Edición especial numerada, realizada con motivo de la Feria Internacional del Libro, Santo Domingo 2012, en homenaje a Enriquillo Sánchez.
505 0# - NOTA DE CONTENIDO CON FORMATO
Nota de contenido con formato Prólogo /
Mención de responsabilidad José Rafael Lantigua --
Título Flor de los sepulcros --
-- La montaña azul --
-- Belinda (Homenaje a Julio Cortázar) --
-- Rayada de pez como la noche --
-- Oferta de empleo --
-- Papá Anselmo ya no me habla --
-- Maritza, no dejes que se te vaya el odio al yanqui.
590 ## - NOTA LOCAL (RLIN)
Nota local Inventariado, 2020/YL
650 #0 - PUNTO DE ACCESO ADICIONAL DE MATERIA--TÉRMINO DE MATERIA
Término de materia o nombre geográfico como elemento de entrada Cuentos dominicanos
9 (RLIN) 176
650 #0 - PUNTO DE ACCESO ADICIONAL DE MATERIA--TÉRMINO DE MATERIA
Término de materia o nombre geográfico como elemento de entrada Literatura dominicana.
9 (RLIN) 67
700 1# - PUNTO DE ACCESO ADICIONAL--NOMBRE DE PERSONA
Nombre de persona Lantigua, José Rafael,
Fechas asociadas al nombre 1949-
Término indicativo de función/relación prólogo
9 (RLIN) 1438
700 1# - PUNTO DE ACCESO ADICIONAL--NOMBRE DE PERSONA
Nombre de persona Severino, Jorge,
Término indicativo de función/relación ilustracion
9 (RLIN) 57379
830 #0 - PUNTO DE ACCESO ADICIONAL DE SERIE-TÍTULO UNIFORME
Título uniforme Ediciones Ferilibro
9 (RLIN) 150
910 ## - DATOS DE OPCIÓN DEL USUARIO (OCLC)
Datos de opción del usuario Validado. Control de calidad EMS.
942 ## - ELEMENTOS DE PUNTO DE ACCESO ADICIONAL (KOHA)
Fuente del sistema de clasificación o colocación Dewey Decimal Classification
Tipo de ítem Koha Libro
Holdings
Estado de retiro Estado de pérdida Fuente del sistema de clasificación o colocación Restricciones de uso No para préstamo Código de colección Localización permanente Ubicación/localización actual Ubicación en estantería Fecha de adquisición Total de préstamos Signatura topográfica completa Código de barras Fecha visto por última vez Precio válido a partir de Tipo de ítem Koha Fuente de adquisición Número de copia Nota pública
    Dewey Decimal Classification Préstamo en sala   Dominicana de Servicio Biblioteca Nacional Pedro Henríquez Ureña Biblioteca Nacional Pedro Henríquez Ureña En catalogación 30.10.2025   BNPHU DS RD863.44 S211o 2025-12199 30.10.2025 30.10.2025 Libro donación e.3 Ministerio de la Mujer
    Dewey Decimal Classification Excluido de préstamo Excluido de préstamo Patrimonio Dominicano Biblioteca Nacional Pedro Henríquez Ureña Patrimonio Dominicano Depósito 11.02.2014   RD863.44 S211o 42838-10 25.06.2020 25.06.2020 Libro y Folleto Colección Patrimonio Dominicano      
    Dewey Decimal Classification Excluido de préstamo Préstamo restrigido Patrimonio Dominicano Biblioteca Nacional Pedro Henríquez Ureña Patrimonio Dominicano Depósito 04.12.2020   BNPHU PD RD863.44 S211o 2021-1658 04.12.2020 04.12.2020 Libro y Folleto Colección Patrimonio Dominicano Nieves L. Emeterio Rondón e. 2  

Powered by Koha